| 000 | 01119cam a22001694a 4500 | ||
|---|---|---|---|
| 005 | 20250605163654.0 | ||
| 008 | 250528s ||||||||||||||||||||||||d | ||
| 035 | _a24008 | ||
| 040 |
_aGR-AtMCL _bgre _dGR-AtMCL _eAACR2 |
||
| 245 | 1 | _aSupply Chain and Logistics / Το Περιοδικό για την Εφοδιαστική Αλυσίδα | |
| 260 |
_bParametros Group _bScl Magazine, _c2020 |
||
| 300 | _a96 | ||
| 520 | _aDefine 'Smart' Logistics: Στην Αποθήκη και στο Lat Mile, Τα Απαραίτητα Βήματα για την Επιστροφή του Εξαγωγικού HUB στην Κανονικότητα, Όλοι οι Πρόεδροι των Φορέων της Ε.Α. Μιλούν στο SC&L για την Συνεργατικότητα στην Εφοδιαστική Αλυσίδα, MIT's ZARAGOSA: 5 Reasons Why Your Supply Chain Design Must Change with the Times, Περισσότεροι από 50 Εισηγητές σας Περιμένουν στα Digital LOGI.G 2020: Δείτε το Πρόγραμμα. | ||
| 942 | _cCR | ||
| 999 |
_c8911 _d8911 |
||